| 000 | 00671nam a22002177a 4500 | ||
|---|---|---|---|
| 003 | OSt | ||
| 005 | 20230921105055.0 | ||
| 008 | 221006b |||||||| |||| 00| 0 eng d | ||
| 040 | _cBiblioteca Lado V | ||
| 082 |
_a731.2 _bA473m |
||
| 100 |
_91086 _aAlvarez, Mauricio _eautor |
||
| 245 | _aMauricio Alvarez/ | ||
| 260 |
_bConcultura _c2002 _aEl Salvador |
||
| 300 |
_c21.5x28cm _a14p. |
||
| 366 | _espa | ||
| 505 | _tPresentación | ||
| 650 |
_2Tesauro de Arte & Arquitectura _aARTE _9703 |
||
| 650 |
_2Tesauro de Arte & Arquitectura _aESCULTURA _9702 |
||
| 650 |
_2Tesauro de Arte & Arquitectura _aMADERA _9702 |
||
| 942 |
_2ddc _c1 _h731.2 _iA473m _n0 |
||
| 999 |
_c4364 _d4364 |
||